Das grosse Mosaik Love & Sex-Buch Wege zur harmonischen und lustvollen Partnerschaft

Bibliographic Details
Main Author: Stoppard, Miriam, 1937- (Author)
Other Authors: Corman, Beate (Translator), Robinson, Paul (Translator)
Format: Book
Language:German
English
PhysicalDescription:256 s. 24 cm
Published: München 2000
ISBN:3576114726
Subjects:

MARC

LEADER 00000cam a2200000 a 4500
001 vtls001430478
003 SK-MaSNL
005 20260302001851.0
008 240313s2000 gw a r 000 0 ger
020 |a 3576114726 
035 |a SNK000385505 
035 |a urn:nbn:sk:snk-amk549 
035 |a urn:nbn:sk:snk-am004zlf 
035 |a 640BC344-084F-4A52-9444-3918075C44B2 
040 |a SNK  |b slo  |c SNK  |e AACR2 
041 1 |a ger  |h eng 
044 |a gw  |c DE 
080 |a 613.88(084.12)  |2 1981 
080 |a 392.61(084.12)  |2 1981 
100 1 |a Stoppard, Miriam,  |d 1937-  |4 aut  |9 107769 
245 1 4 |a Das grosse Mosaik Love & Sex-Buch  |b Wege zur harmonischen und lustvollen Partnerschaft  |c Miriam Stoppard ; [Übersetzung aus dem Englischen Beate Corman ; fotos Paul Robinson] 
260 |a München  |c 2000  |e [Martin  |f Neografia] 
300 |a 256 s.  |c 24 cm 
650 0 7 |a sexuálna výchova  |2 SNKPH  |9 2589 
650 0 7 |a partnerské vzťahy  |2 SNKPH  |9 2250 
655 7 |a príručky  |2 SNKPH  |9 74364 
700 1 |a Corman, Beate  |4 trl  |9 527452 
700 1 |a Robinson, Paul  |4 trl  |9 46560 
852 |a Slovenská národná knižnica 
919 |a 3-576-11472-6 
958 |a OND 
999 |c 985685  |d 987615 
952 |t P60, <03>, [BOOK], {603}  |a SNK  |b SNK  |y PREZ  |7 0  |p 17A0336450  |o snkSC 107448  |i snkKSP 2881/2002  |0 0  |1 0  |4 0  |d 2002-03-12  |f 1  |l 0  |r 2025-09-29 00:00:00  |w 2026-02-24